Principles and Procedures of Nursing Foundations (Record no. 1305)
[ view plain ]
| 000 -LEADER | |
|---|---|
| Fixed length control field | 00635nam a2200229Ia 4500 |
| 003 - CONTROL NUMBER IDENTIFIER | |
| Control field | IIN |
| 005 - DATE AND TIME OF LATEST TRANSACTION | |
| Control field | 20240201160130.0 |
| 008 - FIXED-LENGTH DATA ELEMENTS--GENERAL INFORMATION | |
| Fixed length control field | 231217s9999 xx 000 0 und d |
| 020 ## - INTERNATIONAL STANDARD BOOK NUMBER / ISBN | |
| Price | Rs.525.00 |
| International Standard Book Number | 9789389261875 |
| 040 ## - CATALOGING SOURCE | |
| Original cataloging agency | IIN |
| Language of cataloging | English |
| 082 ## - DEWEY DECIMAL CLASSIFICATION NUMBER | |
| Classification number | 610.730693 |
| Book Number | PAN |
| 100 1# - MAIN ENTRY--PERSONAL NAME | |
| Personal name | Pandey, Sushma |
| 245 1# - TITLE STATEMENT | |
| Title | Principles and Procedures of Nursing Foundations |
| Statement of responsibility | Sushma Pandey and Atif Muzammil |
| 260 ## - IMPRINT | |
| Name of publisher | CBS |
| Place of publication | New Delhi |
| Date of publication | 2020 |
| 300 ## - PHYSICAL DESCRIPTION | |
| Page / Vol. No | xx, 243p. |
| 440 ## - SERIES STATEMENT | |
| Number | Vol.2 |
| 650 1# - SUBJECT ADDED ENTRY--TOPICAL TERM | |
| Topical term | Foundation |
| Form subdivision | Nursing |
| 650 1# - SUBJECT ADDED ENTRY--TOPICAL TERM | |
| Topical term | Nursing Foundation |
| 650 1# - SUBJECT ADDED ENTRY--TOPICAL TERM | |
| Topical term | Procedures of |
| Form subdivision | Nursing |
| 700 1# - ADDED ENTRY--PERSONAL NAME | |
| Personal name | Muzammil, Atif |
| 942 ## - ADDED ENTRY ELEMENTS (KOHA) | |
| Koha item type | Books |
| Withdrawn status | Lost status | Damaged status | Not for loan | Collection code | Home library | Current library | Date acquired | Price | Total Checkouts | Call number | Accession number | Date last seen | Copy number | Price effective from | Koha item type |
|---|---|---|---|---|---|---|---|---|---|---|---|---|---|---|---|
| IDEAL INSTITUTE OF NURSING | IDEAL INSTITUTE OF NURSING | 17/12/2023 | 525.00 | 610.730693 PAN | 1299 | 17/12/2023 | Vol.2 | 17/12/2023 | Books | ||||||
| IDEAL INSTITUTE OF NURSING | IDEAL INSTITUTE OF NURSING | 17/12/2023 | 525.00 | 610.730693 PAN | 1300 | 17/12/2023 | Vol.2 | 17/12/2023 | Books | ||||||
| IDEAL INSTITUTE OF NURSING | IDEAL INSTITUTE OF NURSING | 17/12/2023 | 525.00 | 610.730693 PAN | 1301 | 17/12/2023 | Vol.2 | 17/12/2023 | Books |
